Banderas de los estados de Venezuela - Estadísticas

Estadísticas generales
  • Esta prueba ha sido intentada 316 veces
  • La puntuación promedio es 16 de 24
Estadísticas de respuestas
Imagen Respuesta % Correcto
Zulia
81%
Guárico
77%
Anzoátegui
76%
Bolívar
75%
Falcón
75%
Miranda
74%
Amazonas
71%
Carabobo
71%
Delta Amacuro
69%
Aragua
66%
Cojedes
66%
Mérida
65%
Apure
64%
Táchira
64%
Portuguesa
63%
Lara
60%
Sucre
60%
Monagas
58%
Yaracuy
58%
Barinas
55%
Dependencias Federales
55%
Nueva esparta
54%
La Guaira
53%
Trujillo
52%
No se encontraron pruebas coincidentes
Distribución de puntuación
Porcentaje de gente con cada puntuación
Porcentaje por número respondido
Historial de tus puntuaciones
No has intentado esta prueba.